000 00453nam a22001577a 4500
005 20260327121811.0
008 260327b |||||||| |||| 00| 0 eng d
020 _a978-81-8448-706-0
050 _aRA 1060.R36 2010
100 _aNAGESHKUMAR RAO G.
245 _aTEXTBOOK OF FORENSIC MEDICINE AND TOXICOLOGY
260 _aNEW DELHI
_bJAYPEE BROTHERS PUBLISHERS
_c2010
300 _aX,610
650 _aForensic medicine-textbooks
942 _2lcc
_cBK
999 _c216883
_d216883